Kto Zagrał na Euro 2024? #7: UKRAINA - Statystyki

Ogólne statystyki
  • Ten quiz został rozwiązany 43 razy
  • Średni wynik to 3 z 11
Statystyki odpowiedzi
Pozycja Klub Zawodnik % Poprawnych
LO Arsenal Ołeksandr Zinczenko
82%
N Girona Artem Dowbyk
79%
PS Dynamo K. Andrij Jarmołenko
42%
ŚO Bournemouth Ilia Zabarny
36%
ŚP Szachtar Heorhij Sudakow
27%
LS Chelsea Mychajło Mudryk
24%
ŚP Dynamo K. Mykoła Szaparenko
18%
BR Benfica Anatolij Trubin
15%
ŚO Szachtar Mykoła Matwijenko
12%
PO Dynamo K. Ołeksandr Tymczyk
6%
ŚPD Dynamo K. Wołodymyr Brażko
3%
Nie znaleziono quizów pasujących do podanych kryteriów
Rozkład punktacji
Procent ludzi z każdym wynikiem
Percentyl według liczby udzielonych odpowiedzi
Twoja historia wyników
Nie rozwiązałeś tego quizu